000 00440nam a22001697a 4500
003 BD-ChCU
005 20251119144237.0
008 251119b bg ||||| |||| 00| 0 ben d
040 _cBD-ChCU
082 _a510 SOS
100 _aSolomon, Herbert, ed.
_916501
245 _aStudies in item analysis and prediction.
260 _aStanford
_bUniv. Press
_c1961
300 _aix, 310p
650 0 _aMathematics
_916502
942 _2ddc
_cBK
_n0
999 _c109624
_d109624